000 nam a22 7a 4500
999 _c10683
_d10683
008 180220b ||||| |||| 00| 0 eng d
100 _aJaisingh,S.etal.
_96556
245 _aIn Search of Green Life Environmental Studies-IV
260 _aNew Delhi
_bAvichal
_c2013